1293 1035 1351 1244 1633 1161 1413 1719 1976 1195 1193 1292 1613 1024 1358 1978 1624 1731 1997 1463 1328 1394 1922 1799 1956 1405 1863 1991 1871 1670 1816 1881 1661 1415 1588 1286 1503 1657 1794 1321 1449 1899 1423 1786 1904 1524 1103 1158 1016 1421 1452 1520 1388 1380 1631 1932 1428 1391 1719 1145 1633 1341 1073 1501 1073 1695 1630 1481 1391 1200 1562 1102 1963 1841 1671 1304 1655 1040 1145 1820 1464 1745 1729 1111 1086 1142 1443 1638 1738 1086 1464 1713 1035 1849 1295 1400 1182 1853 1370 BCNSPRNW ULIB Ver.6.0+V

เปลี่ยนเป็นภาษาไทย

Change to English
 แสดงรายละเอียดบรรณานุกรม
  กลับหน้าหลัก

Brief Record : Get Marc (ISO 2709) : E-mail record : QR code < ปิดหน้าต่าง
LEADER : 00000nam 2200000uu 4500
001    13399124622
003     ULIB
008    151030s2555||||th 000 0 tha d
020    9786162831973
050  4 DS586^b
245 00 จดหมายเหตุเฉลิมพระเกียรติพระบาทสมเด็จพระนางเจ้าสิริกิติ์ พระบรมราชินีนาถ ^bเนื่องในโอกาสพระราชพิธีมหามงคลเฉลิมพระชนมพรรษา 80 พรรษา 12 สิงหาคม 2555 /^cกรมศิลปากร
250    พิมพ์ครั้งที่ 1
260    กรุงเทพฯ :^bกรมศิลปากร,^c2555
300    452 หน้า :^bภาพประกอบ
650  0 พระบาทสมเด็จพระนางเจ้าสิริกิติ์ พระบรมราชินีนาถ
710 2  กรมศิลปากร
945    ^p0^l0^i000155
999    ^aเกษร โพธิ์สุวรรณ
รายการนี้ยังไม่มีแท็ก
คุณยังไม่ได้ล็อกอิน คุณสามารถมีกิจกรรมร่วมกับเว็บไซต์ได้ แต่ต้องล็อกอินก่อน ::
  ล็อกอิน

รายการสื่อสารสนเทศ

ลำดับที่ ประเภท เลขเรียก/บาร์โค้ด สถานที่ สถานะ
1. การศึกษาทั่วไป
การศึกษาทั่วไป
DS586 ฉ.1 
  Barcode: 000155
ห้องสมุดวิทยาเขตสวรรค์ประชารักษ์
►หนังสือทั่วไป
บนชั้น

BibComment


ยังไม่เคยถูกคอมเมนท์

คอมเมนท์ทรัพยากรรายการนี้
  คอมเมนท์: จดหมายเหตุเฉลิมพร..


 Copyright 2026. Bcnsprnw @Library